000 00813nam a2200229 4500
003 OSt
005 20240621004252.0
006 a
008 240621b |||||||| |||| 00| 0 eng d
020 _a9781596912915
040 _aDWCL-HMN lib.
_cOC
082 _aCirc. 641.6564 G618h 2008
100 _aGoldman, Amy
245 _aThe heirloom tomato : from garden to table : recipes, portraits and history of the world’s most beautiful fruit /
260 _aNew York : Bloombury :
_bDistributed to the trade by Macmillan,
_cc2008.
300 _axi,
_b258 p. : col. ill. ;
_c28 cm.
504 _aIncludes bibliographical references & index.
650 _a1. Cooking (Tomatoes).
650 _a2. Tomatoes–Heirloom varieties.
650 _a3. Heirloom varieties (Plants).
942 _2ddc
_n0
_cBK-CIRC
_kCirc.
999 _c1023
_d1023